000 00528nam a22001937a 4500
005 20140607040053.0
008 081119s2009 nyu 001 0 eng
020 _a9780071621380
024 0 _ceng
080 _a331.108.4
100 1 _aMiller, Lee E.
245 1 0 _aGet more money on your next job-- in any economy /
_cLee E. Miller.
250 _aRev. and updated.
260 _aNew York :
_bMcGraw-Hill,
_c2009.
300 _a241 f. ;
_c23 cm.
500 _aIndex f.233-241
650 0 _aKontrata e Punës
942 _2udc
_cBK
999 _c482
_d482